Mare liberum : el derecho a la libertad del mar /

Bibliographic Details
Main Author: Grotius, Hugo, 1583-1645 (Author)
Other Authors: Bernal Gamarra, Carlos Martín (contributor agent of text.), Misari Torpoco, David Efraín (Translator), Ayala Ríos, Waldemir (Translator)
Format: Electronic eBook
Language:Spanish
Latin
Greek, Ancient (to 1453)
Published: Santiago, Chile : Ediciones Olejnik, [2023]
Series:Biblioteca de derecho internacional.
Subjects:
Online Access:Digitalia Hispánica

MARC

LEADER 00000nam a2200000Ii 4500
001 DIGOLEJNK1376
003 NyNyDIG
006 m o d
007 cr |||||||||||
008 251105s2023 cl o 000 0 spa d
035 |a (OCoLC)1553794725 
040 |a DGITA  |b eng  |e rda  |e pn  |c DGITA 
041 1 |a spa  |h lat  |h grc 
020 |z 9789564073699 
050 1 4 |a KZA1348 ebook 
100 1 |a Grotius, Hugo,  |d 1583-1645,  |e author. 
245 1 0 |a Mare liberum :  |b el derecho a la libertad del mar /  |c Hugo Grocio ; estudio introductorio y comentarios por Carlos Martín Bernal Gamarra ; revisión y mejoras de la traducción del latín al español por David Efraín Misari Torpoco ; traducción del griego al español por Waldemir Ayala Ríos. 
264 1 |a Santiago, Chile :  |b Ediciones Olejnik,  |c [2023] 
300 |a 1 online resource. 
336 |a text  |b txt  |2 rdacontent 
337 |a computer  |b c  |2 rdamedia 
338 |a online resource  |b cr  |2 rdacarrier 
347 |a text file  |2 rdaft 
347 |b PDF 
490 1 |a Biblioteca de derecho internacional  
588 0 |a Online resource; title from PDF title page (Digitalia, viewed November 5, 2025) 
650 0 |a Law of the sea. 
650 0 |a Freedom of the seas. 
650 0 |a Mare clausum. 
700 1 |a Bernal Gamarra, Carlos Martín,  |e contributor agent of text. 
700 1 |a Misari Torpoco, David Efraín,  |e translator. 
700 1 |a Ayala Ríos, Waldemir,  |e translator. 
791 2 |a Digitalia (Firm),  |e distributor. 
793 0 |g Digitalia eBook Collection:  |a Ediciones Olejnik 
776 0 8 |i Print version:  |a Grotius, Hugo, 1583-1645.  |t Mare liberum.  |b Primera edición en Ediciones Olejnik.  |d Santiago, Chile : Ediciones Olejnik, 2023  |z 9789564073699 
830 0 |a Biblioteca de derecho internacional.  
856 4 0 |3 Digitalia Hispánica  |u https://www.digitaliapublishing.com/a/157889/ 
910 |a Premium collection: 2025